Nhà truyền thống của người Việt ở Đồng Nai

Sparad:
Bibliografiska uppgifter
Huvudupphovsman: Nguyễn, Văn Quyết
Övriga upphovsmän: Võ, Nữ Hạnh Trang
Materialtyp: Bok
Språk:Undetermined
Ämnen:
Länkar:http://lrc.tdmu.edu.vn/opac/search/detail.asp?aID=2&ID=35362
Taggar: Lägg till en tagg
Inga taggar, Lägg till första taggen!
Thư viện lưu trữ: Trung tâm Học liệu Trường Đại học Thủ Dầu Một
LEADER 00700nam a2200157Ia 4500
001 TDMU_35362
008 210410s9999 xx 000 0 und d
082 |a 930.1 
100 |a Nguyễn, Văn Quyết 
245 0 |a Nhà truyền thống của người Việt ở Đồng Nai 
245 0 |c Nguyễn Văn Quyết, Võ Nữ Hạnh Trang 
300 |a Tr.122-131 
650 |a Văn hóa và Du lịch; Nhà cổ; Nhà truyền thống; Kiến trúc; Văn hóa dân gian; Di sản 
700 |a Võ, Nữ Hạnh Trang 
856 |u http://lrc.tdmu.edu.vn/opac/search/detail.asp?aID=2&ID=35362 
980 |a Trung tâm Học liệu Trường Đại học Thủ Dầu Một